Normal view MARC view

Entry Personal Name

Number of records used in: 1

001 - CONTROL NUMBER

  • control field: 10008

003 - CONTROL NUMBER IDENTIFIER

  • control field: DLC

005 - DATE AND TIME OF LATEST TRANSACTION

  • control field: 20231204152435.0

008 - FIXED-LENGTH DATA ELEMENTS

  • fixed length control field: 210318n| azannaabn |a aaa

010 ## - LIBRARY OF CONGRESS CONTROL NUMBER

  • LC control number: n 2021241382

040 ## - CATALOGING SOURCE

  • Original cataloging agency: DLC
  • Language of cataloging: eng
  • Description conventions: rda
  • Transcribing agency: DLC

046 ## - SPECIAL CODED DATES

  • Birth date: 1942-01-16
  • Death date: 2019-07-28
  • Source of date scheme: edtf

100 1# - HEADING--PERSONAL NAME

  • Personal name: Jaipal Reddy, S.
  • Fuller form of name: (Sudini),
  • Dates associated with a name: 1942-2019

370 ## - ASSOCIATED PLACE

  • Other associated place: Telangana (India)
  • Source of term: naf

372 ## - FIELD OF ACTIVITY

  • Field of activity: Politics, Practical
  • Source of term: lcsh

373 ## - ASSOCIATED GROUP

  • Associated group: India. Parliament
  • Source of term: naf

374 ## - OCCUPATION

  • Occupation: Politicians
  • Source of term: lcdgt

374 ## - OCCUPATION

  • Occupation: Cabinet officers
  • Source of term: lcsh

375 ## - GENDER

  • Gender: Males
  • Source of term: lcdgt

377 ## - ASSOCIATED LANGUAGE

  • Language code: eng

378 ## - FULLER FORM OF PERSONAL NAME

  • Fuller form of personal name: Sudini

400 1# - SEE FROM TRACING--PERSONAL NAME

  • Personal name: Jaipal Reddy, Sudini,
  • Dates associated with a name: 1942-2019

400 1# - SEE FROM TRACING--PERSONAL NAME

  • Personal name: Reddy, Jaipal Sudini,
  • Dates associated with a name: 1942-2019

670 ## - SOURCE DATA FOUND

  • Source citation: Ten ideologies, 2019:
  • Information found: title page (S. Jaipal Reddy) cover page 4 (born 1942; Mehbubnagar district, Telangana, India; president, A.P. Youth Congress, 1965-71; M.L.A, M.P., former union cabinet minister)

670 ## - SOURCE DATA FOUND

  • Source citation: Wikipedia, viewed March 18, 2021
  • Information found: (Sudini Jaipal Reddy; Jaipal Sudini Reddy; January 16, 1942 to July 28, 2019; politician)
  • Uniform Resource Identifier: https://en.wikipedia.org/wiki/Jaipal_Reddy

Powered by Koha